000 00866nam a2200229Ia 4500
001 11164
003 GE_BSU
008 181216s||||||||xx |||||||||||||| ||und||
040 _cGE_BSU
080 _a52(075.8)
100 _aხარაძე,ევგენი
245 _aასტრონომიის საფუძვლები.I.
245 _bსახელმძღვ.სტუდენტებისათვის.
245 _cრედ:გ.კვირკველია.
260 _aთბილისი.
260 _bთბილისის უნ–ტის გამ–ბა.
260 _c1971.
300 _a397გვ;26სმ.
300 _eილ; პირთა და საგანთა საძიებელი.
653 _aასტრონომიის საფუძვლები.I.
942 _cBK
999 _c44399
_d44399